| 000 | 00000nam 2200000za 4500 |
| 001 | 9.578905 |
| 003 | CaOODSP |
| 005 | 20210624190315 |
| 007 | cr ||||||||||| |
| 008 | 150406|2012||||xxc|||||o f|0| 0 eng d |
| 040 | |aCaOODSP|beng |
| 043 | |an-cn--- |
| 086 | 1 |aSE7-2/2012-1E-PDF |
| 100 | 1 |aPrince, Michael John,|d1952- |
| 245 | 10|aElectoral participation of electors with disabilities |h[electronic resource] : |bCanadian practices in a comparative context / |cprepared for Elections Canada by Michael J. Prince. |
| 260 | |aOttawa : |bElections Canada, |c2012. |
| 300 | |a66 p. |
| 490 | 1 |aResearch study |
| 500 | |a"March 2012". |
| 500 | |aIssued also in French under title: La participation électorale des électeurs handicapés : analyse comparative des pratiques canadiennes. |
| 504 | |aBibliography: p. 55-66. |
| 590 | |a14-07-Supp|b2014-04-03 |
| 690 | 07|aBarrier free access|2gcpds |
| 690 | 07|aElections|2gcpds |
| 690 | 07|aPersons with disabilities|2gcpds |
| 710 | 2 |aElections Canada. |
| 775 | 08|tLa participation électorale des électeurs handicapés |w(CaOODSP)9.606638 |
| 830 | #0|aResearch study (Elections Canada)|w(CaOODSP)9.507755 |
| 856 | 40|ahttp://publications.gc.ca|qPDF|s1.03 MB|uhttps://publications.gc.ca/collections/collection_2014/elections/SE7-2-2012-1-eng.pdf |